000
00316nam a22001457a 4500
008
211013b ||||| |||| 00| 0 eng d
020
_a
0827313659
041
_a
eng
080
_2
3rd
_a
621
082
_a
621
100
_a
26
101
_a
MEK
245
_a
Electric Motor Control
_c
Alerich,W.N
942
_2
udc
_c
BK
999
_c
58199
_d
58199